00378nam a2200157Ia 4500001000500000005001700005008004100022041000800063082001500071100003000086245005100116260000900167300002800176650000800204654000800212344520260306145644.0260306t2002||||xx |||||||||||||| ||spa|| aESP a278.5bL12 aMarzal, Manuel (ed.)eAUT 0aLa religión en el Perú al filo del milenio c2002 a447 páginas :c21 cm. aGEN aCHU